000
00307nam a22001337a 4500
008
170619b xxu||||| |||| 00| 0 eng d
020
_a
9780815626299
041
_a
eng
080
_a
32
100
_a
20
101
_a
SHP
245
_a
IDEOLOGY AND POLITICS THE ARAB WORLD
_c
SALEM.P
942
_2
udc
_c
BK
999
_c
18063
_d
18063